Normal view
MARC view
- Supervisor Dr. Wasi Haider Butt
Entry Corporate Name
001 - CONTROL NUMBER
- control field: 84368
003 - CONTROL NUMBER IDENTIFIER
- control field: NUST
005 - DATE AND TIME OF LATEST TRANSACTION
- control field: 20211117134333.0
008 - FIXED-LENGTH DATA ELEMENTS
- fixed length control field: 211117|| aca||aabn | a|a d
040 ## - CATALOGING SOURCE
- Original cataloging agency: NUST
- Transcribing agency: NUST
110 ## - HEADING--CORPORATE NAME
- Corporate name or jurisdiction name as entry element: Supervisor Dr. Wasi Haider Butt
670 ## - SOURCE DATA FOUND
- Source citation: Work cat.: (NUST): Farhan Ijaz 84367, TH-SOF-1883-Source Code Plagiarism Detection, 2021.
